000 00779cam a2200229 4500
001 ABS61795
008 000000n2000 000 0 eng u
035 _a(Sirsi) u103958
100 _aDyer, C.
245 _aCall-centre working practices
260 _c2000
490 _aHealth and Safety Bulletin
_v(285) January 2000, 19-23(5)
520 _aReviews the HSE's guidance on health and safety issues in call centres. Covers working practices, workstation requirements, daily routines, eyes and eyesight, hearing, stress and voice problems.
590 _aABS
650 _aCALL CENTRES
650 _aHEALTH AND SAFETY
_96244
650 _aHSE
650 _aWORKING PRACTICES
650 _aDISPLAY SCREEN EQUIPMENT
690 _aHealth and safety
_96244
942 _n0
999 _c62391
_d62391